Hacia un divorcio restringido / (Record no. 150441)

MARC details
000 -LEADER
campo de control de longitud fija 00680nam a2200217 i 4500
001 - NÚMERO DE CONTROL
campo de control 150441
003 - IDENTIFICADOR DE NÚMERO DE CONTROL
campo de control ES-MaACL
005 - FECHA Y HORA DE LA ÚLTIMA TRANSACCIÓN
campo de control 20240206203243.0
007 - CAMPO FIJO DE DESCRIPCIÓN FÍSICA--INFORMACIÓN GENERAL
campo de control de longitud fija t|
008 - DATOS DE LONGITUD FIJA--INFORMACIÓN GENERAL
campo de control de longitud fija 071030s1973 sp ||||1| spa d
020 ## - NÚMERO INTERNACIONAL ESTÁNDAR DEL LIBRO
Número Internacional Estándar del Libro 84-7162-607-1
080 ## - NÚMERO DE LA CLASIFICACIÓN DECIMAL UNIVERSAL
Número de la Clasificación Decimal Universal 265.514.2
100 1# - ENTRADA PRINCIPAL--NOMBRE DE PERSONA
Nombre de persona Valcarce Alfayate, Enrique.
9 (RLIN) 112463
245 10 - MENCIÓN DEL TÍTULO
Título Hacia un divorcio restringido /
Mención de responsabilidad, etc. Enrique Valcarce Alfayate ; prólogo José Botella Llusiá.
260 ## - PUBLICACIÓN, DISTRIBUCIÓN, ETC.
Lugar de publicación, distribución, etc. Barcelona :
Nombre del editor, distribuidor, etc. Bosch,
Fecha de publicación, distribución, etc. [1973]
300 ## - DESCRIPCIÓN FÍSICA
Extensión 173 p. ;
Dimensiones 19 cm.
650 14 - PUNTO DE ACCESO ADICIONAL DE MATERIA--TÉRMINO DE MATERIA
Término de materia o nombre geográfico como elemento de entrada Divorcio-
Subdivisión general Aspectos religiosos.
9 (RLIN) 11955
700 1# - ENTRADA AGREGADA--NOMBRE PERSONAL
Nombre de persona Botella Llusiá, José,
Fechas asociadas al nombre 1912-2002
9 (RLIN) 30758
852 ## - LOCALIZACIÓN
Ubicación ES-MaACL
Número de control de estantería C-56177
Sublocalización o colección R.88791
Holdings
Estatus retirado Estado de pérdida Estado de daño No para préstamo Biblioteca de origen Biblioteca actual Ubicación en estantería Fecha de adquisición Fuente de adquisición Total de préstamos Signatura topográfica completa Código de barras Visto por última vez Precio de reemplazo Tipo de ítem Koha
        Biblioteca del Ateneo de Madrid Biblioteca del Ateneo de Madrid Depósito 2 17/01/2008     C-56177 1156984 23/02/2023 23/02/2023 Libro impreso